| 000 | 00451nam a2200181Ia 4500 | ||
|---|---|---|---|
| 008 | 240925s9999 xx 000 0 und d | ||
| 020 | _a74633694 | ||
| 082 | _a621.317 SIN | ||
| 100 | _aSingh , M.D | ||
| 245 | 0 | _aPower Electronics | |
| 250 | _aNA | ||
| 260 |
_aNew Delhi: _bTata McGraw Hill _c,2003. |
||
| 300 |
_axxii,804p. _bNA _fOriginal |
||
| 500 | _aIncludes Index | ||
| 600 | _aElectronic Engineering | ||
| 650 | _aTechnology | ||
| 942 | _cBK | ||
| 999 |
_c8082 _d8082 |
||